<?xml version="1.0" encoding="UTF-8"?>
<record
    xmlns:xsi="http://www.w3.org/2001/XMLSchema-instance"
    xsi:schemaLocation="http://www.loc.gov/MARC21/slim http://www.loc.gov/standards/marcxml/schema/MARC21slim.xsd"
    xmlns="http://www.loc.gov/MARC21/slim">

  <leader>01241nam0a22003011  4500</leader>
  <controlfield tag="001">v19\rc\1706925</controlfield>
  <controlfield tag="005">20260405213240.0</controlfield>
  <datafield tag="035" ind1=" " ind2=" ">
    <subfield code="a">(NLR Aleph) 005245708</subfield>
  </datafield>
  <datafield tag="090" ind1=" " ind2=" ">
    <subfield code="a">5751477</subfield>
    <subfield code="c">5751477</subfield>
  </datafield>
  <datafield tag="100" ind1=" " ind2=" ">
    <subfield code="a">20061002d1899    |||y0rusy50      ca</subfield>
  </datafield>
  <datafield tag="101" ind1="1" ind2=" ">
    <subfield code="a">rus</subfield>
    <subfield code="c">ger</subfield>
  </datafield>
  <datafield tag="102" ind1=" " ind2=" ">
    <subfield code="a">RU</subfield>
  </datafield>
  <datafield tag="105" ind1=" " ind2=" ">
    <subfield code="a">y   z   |||c|</subfield>
  </datafield>
  <datafield tag="200" ind1="1" ind2=" ">
    <subfield code="a">&#x412;&#x43B;&#x438;&#x44F;&#x43D;&#x438;&#x435; &#x440;&#x430;&#x437;&#x432;&#x440;&#x430;&#x442;&#x430; &#x43D;&#x430; &#x437;&#x430;&#x431;&#x43E;&#x43B;&#x435;&#x432;&#x430;&#x43D;&#x438;&#x44F; &#x438; &#x441;&#x43C;&#x435;&#x440;&#x442;&#x43D;&#x43E;&#x441;&#x442;&#x44C;</subfield>
    <subfield code="e">&#x421;&#x43E;&#x446;.-&#x43C;&#x435;&#x434;. &#x43E;&#x447;&#x435;&#x440;&#x43A; &#x434;-&#x440;&#x430; &#x413;&#x435;&#x444;&#x435;&#x43B;&#x44F;</subfield>
    <subfield code="f">&#x41F;&#x435;&#x440;. &#x434;-&#x440;&#x430; &#x43C;&#x435;&#x434;. &#x41D;. &#x41B;&#x435;&#x439;&#x43D;&#x435;&#x43D;&#x431;&#x435;&#x440;&#x433;&#x430;</subfield>
    <subfield code="g">&#x421; &#x43F;&#x440;&#x435;&#x434;&#x438;&#x441;&#x43B;. &#x43A; &#x440;&#x443;&#x441;. &#x438;&#x437;&#x434;. &#x410;.&#x41C;. &#x41A;&#x430;&#x43B;&#x43C;&#x44B;&#x43A;&#x43E;&#x432;&#x43E;&#x439;</subfield>
  </datafield>
  <datafield tag="205" ind1=" " ind2=" ">
    <subfield code="a">2-&#x435; &#x438;&#x437;&#x434;.</subfield>
  </datafield>
  <datafield tag="210" ind1=" " ind2=" ">
    <subfield code="a">&#x41E;&#x434;&#x435;&#x441;&#x441;&#x430;</subfield>
    <subfield code="c">&#x442;&#x438;&#x43F;. "&#x41E;&#x434;&#x435;&#x441;&#x441;&#x43A;. &#x43B;&#x438;&#x441;&#x442;&#x43A;&#x430;"</subfield>
    <subfield code="d">1899</subfield>
  </datafield>
  <datafield tag="215" ind1=" " ind2=" ">
    <subfield code="a">24 &#x441;.</subfield>
    <subfield code="d">24</subfield>
  </datafield>
  <datafield tag="225" ind1="1" ind2=" ">
    <subfield code="a">&#x41F;&#x440;&#x43E;&#x442;&#x438;&#x432; &#x440;&#x430;&#x437;&#x432;&#x440;&#x430;&#x442;&#x430;!</subfield>
    <subfield code="v">&#x412;&#x44B;&#x43F;. 1</subfield>
  </datafield>
  <datafield tag="700" ind1=" " ind2="1">
    <subfield code="8">rus</subfield>
    <subfield code="7">ca</subfield>
    <subfield code="a">&#x413;&#x435;&#x444;&#x435;&#x43B;&#x44C;</subfield>
    <subfield code="3">RU\NLR\AUTH\7796299</subfield>
    <subfield code="9">79225</subfield>
  </datafield>
  <datafield tag="702" ind1=" " ind2="1">
    <subfield code="4">080</subfield>
    <subfield code="8">rus</subfield>
    <subfield code="7">ca</subfield>
    <subfield code="a">&#x41A;&#x430;&#x43B;&#x43C;&#x44B;&#x43A;&#x43E;&#x432;&#x430;</subfield>
    <subfield code="b">&#x410;. &#x41C;.</subfield>
    <subfield code="f">1849-1926</subfield>
    <subfield code="g">&#x410;&#x43B;&#x435;&#x43A;&#x441;&#x430;&#x43D;&#x434;&#x440;&#x430; &#x41C;&#x438;&#x445;&#x430;&#x439;&#x43B;&#x43E;&#x432;&#x43D;&#x430;</subfield>
    <subfield code="3">RU\NLR\AUTH\7796215</subfield>
    <subfield code="9">79141</subfield>
  </datafield>
  <datafield tag="702" ind1=" " ind2="1">
    <subfield code="a">&#x41B;&#x435;&#x439;&#x43D;&#x435;&#x43D;&#x431;&#x435;&#x440;&#x433;</subfield>
    <subfield code="b">&#x41D;.</subfield>
    <subfield code="4">730</subfield>
  </datafield>
  <datafield tag="801" ind1=" " ind2="0">
    <subfield code="a">RU</subfield>
    <subfield code="b">NLR</subfield>
    <subfield code="c">20061002</subfield>
    <subfield code="g">psbo</subfield>
  </datafield>
  <datafield tag="801" ind1=" " ind2="0">
    <subfield code="a">RU</subfield>
    <subfield code="b">RuMoRGB</subfield>
    <subfield code="c">20061002</subfield>
    <subfield code="2">psbo</subfield>
  </datafield>
  <datafield tag="801" ind1=" " ind2="1">
    <subfield code="a">RU</subfield>
    <subfield code="b">ProSoft-M</subfield>
    <subfield code="c">20061002</subfield>
    <subfield code="2">rusmarc</subfield>
  </datafield>
  <datafield tag="801" ind1=" " ind2="2">
    <subfield code="a">RU</subfield>
    <subfield code="b">NLR</subfield>
    <subfield code="c">20110208</subfield>
    <subfield code="2">rusmarc</subfield>
  </datafield>
  <datafield tag="852" ind1=" " ind2=" ">
    <subfield code="a">NLR</subfield>
    <subfield code="j">18.188.6.426</subfield>
  </datafield>
  <datafield tag="942" ind1=" " ind2=" ">
    <subfield code="c">BOOK</subfield>
  </datafield>
  <datafield tag="980" ind1=" " ind2=" ">
    <subfield code="a">NB</subfield>
  </datafield>
  <datafield tag="995" ind1=" " ind2=" ">
    <subfield code="5">2013-10-26</subfield>
    <subfield code="b">NLR02</subfield>
    <subfield code="c">NLR02</subfield>
    <subfield code="e">RFS</subfield>
    <subfield code="f">5245708-10</subfield>
    <subfield code="k">18.188.6.426</subfield>
    <subfield code="o">0</subfield>
    <subfield code="r">BOOK</subfield>
    <subfield code="s">181886426_</subfield>
  </datafield>
</record>
